000 01431nam a2200217Ia 4500
003 Ost
005 20260416102358.0
008 260416s9999||||xx |||||||||||||| ||und||
040 _cfsecg
041 _aara
082 _a657.45
100 _aبن يخلف،أمال
_eمؤلف
245 0 _aالمراجعة المالية والمحاسبة :
_bمطبوعة مقدمة لطلبة السنة الثالثة قسم علوم مالية و محاسبية تخصص محاسبة و جباية /
_cأمال بن يخلف
260 _aالجزائر
_bجامعة الجزائر3: كلية العلوم الإقتصادية، العلوم التجارية وعلوم التسيير
_c2022
300 _a116 ورقة
_bايضاحات
_c30 سم
504 _aمراجع ص.115
520 _aالاطار التاريخي و النظري للمراجعة ، نظام الرقابة الداخلية،المعايير العامة للمراجعة،المراحل الأساسية لمهمة المراجعة،مخاطر المراجعة و أدلة الاثبات ، المراجعة المالية و المحاسبية في الجزائر ،خطوات المراجعة المالية و المحاسبية.
653 _aمراجعة الحسابات
710 _aجامعة الجزائر3: كلية العلوم الإقتصادية، العلوم التجارية وعلوم التسيير
_eناشر علمي
942 _cHANDOUT
999 _c41320
_d41320